Giocatori che Hanno Segnato 5 o più gol in un Mondiale - Statistics

Statistiche generali
  • Questo quiz è stato fatto 194 volte
  • Il punteggio medio è 15 su 60
Statistiche sulle risposte
Edizione (Reti) Giocatore % Corretto
2022 (7) Lionel Messi
99%
2002 (8) Ronaldo
95%
2022 (8) Kylian Mbappé
88%
1958 (6) Pelé
75%
1986 (5) Diego Armando Maradona
73%
2002 (5) Miroslav Klose
72%
2006 (5) Miroslav Klose
72%
1982 (6) Paolo Rossi
65%
1970 (10) Gerd Müller
64%
2010 (5) Thomas Müller
64%
2014 (5) Thomas Mülller
64%
1994 (5) Roberto Baggio
62%
2018 (6) Harry Kane
47%
2002 (5) Rivaldo
41%
2010 (5) David Villa
40%
1990 (6) Salvatore Schillaci
34%
1998 (5) Christian Vieri
33%
1994 (5) Romário
32%
2014 (6) James Rodríguez
30%
2010 (5) Diego Forlán
26%
1966 (9) Eusébio
24%
1958 (13) Just Fontaine
23%
1938 (5) Silvio Piola
20%
2010 (5) Wesley Sneijder
19%
1998 (6) Davor Šuker
14%
1998 (5) Gabriel Batistuta
14%
1982 (5) Karl-Heinz Rummenigge
14%
1994 (5) Jürgen Klinsmann
13%
1978 (6) Mario Kempes
13%
1986 (5) Careca
12%
1986 (6) Gary Lineker
12%
1958 (5) Vavá
12%
1970 (7) Jairzinho
10%
1994 (6) Cristo Stoičkov
8%
1994 (6) Oleg Salenko
7%
1974 (7) Grzegorz Lato
6%
1950 (9) Ademir
5%
1986 (5) Emilio Butragueño
5%
1930 (8) Guillermo Stábile
4%
1958 (6) Helmut Rahn
4%
1938 (7) Leônidas
4%
1954 (11) Sándor Kocsis
4%
1970 (5) Teófilo Cubillas
4%
1978 (5) Teófilo Cubillas
4%
1950 (5) Estanislao Basora
3%
1974 (5) Johan Neeskens
3%
1994 (5) Kennet Andersson
3%
1934 (5) Oldřich Nejedlý
3%
1990 (5) Tomáš Skuhravý
3%
1954 (6) Erich Probst
2%
1938 (5) György Sárosi
2%
1966 (6) Helmut Haller
2%
1954 (6) Josef Hügi
2%
1954 (6) Max Morlock
2%
1930 (5) Pedro Cea
2%
1978 (5) Rob Rensenbrink
2%
1974 (5) Andrzej Szarmach
1%
1938 (5) Gyula Zsengellér
1%
1950 (5) Óscar Míguez
1%
1958 (5) Peter McParland
1%
Nessun quiz corrispondente trovato
Distribuzione punteggi
Percentuale di utenti per punteggio
Percentile per numero di risposta
I tuoi punteggi nel tempo
Non hai fatto questo quiz